000 00585nam a22001937a 4500
999 _c2445
_d2445
003 OSt
005 20181015101939.0
008 181015b ||||| |||| 00| 0 eng d
040 _cDLC
082 _aREF 025
_bM621T
100 _aMichale, Kanan M.S.
245 _aA Thesis on Basic Understanding on Christian Family and It's Importancde.
_cBy M.S. Kanan Michale.
260 _aGreator Noida, UP :
_bHarvest Mission College,
_c2006.
300 _a35 p.:
504 _aBibliography Includes.
630 _aInstitutional Thesis
700 _aRev. Biju John - Mentor
942 _2ddc
_cREF